Every Class 3 Kansas Senator - Statistics

General Stats
  • This quiz has been taken 16 times
  • The average score is 10 of 16
Answer Stats
Picture Hint Answer % Correct
R(1969-1996) Bob Dole
100%
R(2011-) Jerry Moran
100%
R(1996-2011) Sam Brownback
100%
R(1915-1929) Charles Curtis
75%
R(1903-1909) Chester I. Long
50%
R(1939-1949) Clyde M. Reed
50%
R(1950-1969) Frank Carlson
50%
D(1930-1939) George McGill
50%
R(1949-1950) Harry Darby
50%
R(1929-1930) Henry J. Allen
50%
R(1873-1891) John J. Ingalls
50%
R(1909-1915) Joseph L. Bristow
50%
R(1861-1873) Samuel C. Pomeroy
50%
R(1996-1996) Sheila Frahm
50%
PO(1897-1903) William A. Harris
50%
P(1891-1897) William A. Peffer
50%
No matching quizzes found
Score Distribution
Percent of People with Each Score
Percentile by Number Answered
Your Score History
You have not taken this quiz